| 000 | 00649nam a22002177a 4500 | ||
|---|---|---|---|
| 003 | BUBTL | ||
| 008 | 210824b xxu||||| |||| 00| 0 eng d | ||
| 020 | _a9789843483843 | ||
| 082 | _a342/ Ak55p/ 2020 | ||
| 100 |
_94138 _aAkkas, Sarkar Ali |
||
| 245 |
_aPrinciples of Constitutional Law / _cSarkar Ali Akkas |
||
| 250 | _a1st Edn. | ||
| 260 |
_aDhaka: _bBijoy Law Book House, _cc2020. |
||
| 300 |
_axv, 320 p.: _c22 cm. |
||
| 500 | _aIncludes Index | ||
| 505 | _aPrinciples of Constitutional Law, Sarkar Ali Akkas | ||
| 650 | 0 |
_926 _aLaw |
|
| 856 |
_k0 _l0 _yDownload |
||
| 942 |
_2ddc _cBK |
||
| 999 |
_c6519 _d6519 |
||